000 01192nam a2200325Ia 4500
001 ebr10081001
003 CaPaEBR
006 m u
007 cr cn|||||||||
008 011112s2002 enkabc sb 001 0 eng d
015 _aGBA1-V6662
020 _z9781412932301
020 _z0761964746(cased)
020 _z0761964754(pbk.)
040 _aCaPaEBR
_cCaPaEBR
035 _a(OCoLC)79863631
050 1 4 _aR118
_b.G89 2002eb
082 0 4 _a306.461014
_221
100 1 _aGwyn, Richard,
_cPhD.
245 1 0 _aCommunicating health and illness
_h[electronic resource] /
_cRichard Gwyn.
260 _aLondon :
_bSAGE,
_c2002.
300 _a182 p. :
_bill., 1 map, 1 port.
504 _aIncludes bibliographical references and index.
533 _aElectronic reproduction.
_bPalo Alto, Calif. :
_cebrary,
_d2009.
_nAvailable via World Wide Web.
_nAccess may be limited to ebrary affiliated libraries.
650 0 _aCommunication in medicine.
650 0 _aHealth in mass media.
655 7 _aElectronic books.
_2local
710 2 _aebrary, Inc.
856 4 0 _uhttp://site.ebrary.com/lib/rucke/Doc?id=10081001
_zAn electronic book accessible through the World Wide Web; click to view
999 _c55601
_d55601